000 00470aam a2200193 4500
005 20230630104303.0
008 150507b2010 xxu||||| |||| 00| 0 spa d
041 _aESP
082 _aR 610.03 D545d
245 _aDiccionario Lexus de medicina y ciencias de la salud
260 _aEspaña
260 _bLexus
260 _c2010
300 _a1312 páginas
650 _aDICCIONARIO
_982053
650 _aMEDICINA
_982054
650 _aSALUD
_982055
942 _cREF
999 _c13512
_d13512